| 000 | 00777nam a2200193 i 4500 | ||
|---|---|---|---|
| 001 | 38560 | ||
| 003 | ES-MaACL | ||
| 005 | 20250901094904.0 | ||
| 007 | t| | ||
| 008 | 030225s1890 sp ||||1| spa d | ||
| 110 | 2 |
_aCámara Oficial de Comercio e Industria de Sabadell _92361 |
|
| 245 | 1 | 0 |
_aContestación del gremio de fabricantes y de la Cámara de Comercio de Sabadell al interrogatorio formulado por la Comisión para el estudio de la Reforma de aranceles y de los Tratados de Comercio / _cCámara de Comercio de Sabadell. |
| 260 |
_aSabadell : _b[s.n.], _c1890 ( _fComar) |
||
| 300 | _a1 v. | ||
| 650 | 4 |
_aAranceles de aduanas- _zEspaña- _yS.XIX. _99930 |
|
| 710 | 2 |
_aGremio de Fabricantes de Sabadell. _94492 |
|
| 852 | 4 |
_aES-MaACL _jT-508-F-5 |
|
| 999 |
_c38560 _d38560 |
||